| 000 | 00858nam a22002297a 4500 | ||
|---|---|---|---|
| 003 | DO-SdBNP | ||
| 005 | 20210909121959.0 | ||
| 007 | ta | ||
| 008 | 210909e2018 dr ac||fr|||| 00| 0 spa d | ||
| 040 |
_aDO-SdBNP _bspa _cBNPHU |
||
| 082 | 4 |
_222 _bP925n |
|
| 111 | 1 |
_aPremio Nacional Mujeres de Progreso _n _d(2018: _cSanto Domingo, República Dominicana ) _979792 |
|
| 245 | 1 | 0 |
_aPremio nacional mujeres de progreso 2018. / _bMilena Erazo, ed.; Ruth Acosta, Huáscar Ruiz, Joel Francisco, fotografías. |
| 260 |
_aSanto Domingo : _bVicepresidencia de la República, _c2018 |
||
| 300 |
_a[25 p.-] _bil., retr. _c25 cm |
||
| 590 | _aInventariado 2021 / MF | ||
| 700 | 2 |
_955124 _aErazo, Milena, _eed. |
|
| 700 | 2 |
_973624 _aAcosta, Ruth, _d1967- _efotogr. |
|
| 700 | 2 |
_aRuiz, Huáscar _efotogr. _979798 |
|
| 700 | 2 |
_aFrancisco, Joel _efotogr. _979799 |
|
| 942 |
_2ddc _cLF2 |
||
| 999 |
_c50453 _d50453 |
||